Don Quixote and Catholicism : (Record no. 72793)

MARC details
000 -LEADER
fixed length control field 04278cam a2200481 i 4500
003 - CONTROL NUMBER IDENTIFIER
control field URS
005 - DATE AND TIME OF LATEST TRANSACTION
control field 20230901023112.0
008 - FIXED-LENGTH DATA ELEMENTS--GENERAL INFORMATION
fixed length control field 200427s2020 inu ob 001 0 eng
040 ## - CATALOGING SOURCE
Original cataloging agency DLC
Language of cataloging eng
Description conventions rda
-- pn
Transcribing agency DLC
Modifying agency OCLCO
-- OCLCF
-- P@U
-- YDX
-- EBLCP
-- N$T
-- JSTOR
-- OCLCQ
-- OCLCO
-- K6U
-- OCLCQ
-- URS
020 ## - INTERNATIONAL STANDARD BOOK NUMBER
International Standard Book Number 9781557539014
Qualifying information (electronic book)
020 ## - INTERNATIONAL STANDARD BOOK NUMBER
International Standard Book Number 1557539014
Qualifying information (electronic book)
020 ## - INTERNATIONAL STANDARD BOOK NUMBER
International Standard Book Number 1557539006
Qualifying information (electronic book)
020 ## - INTERNATIONAL STANDARD BOOK NUMBER
International Standard Book Number 9781557539007
Qualifying information (electronic bk.)
020 ## - INTERNATIONAL STANDARD BOOK NUMBER
Canceled/invalid ISBN 9781557538994
Qualifying information (paperback
-- alkaline paper)
050 04 - LIBRARY OF CONGRESS CALL NUMBER
Classification number PQ6352
Item number .M38 2020
100 1# - MAIN ENTRY--PERSONAL NAME
Personal name McGrath, Michael J.,
Relator term author.
Authority record control number or standard number http://id.loc.gov/authorities/names/n2002103731
245 10 - TITLE STATEMENT
Title Don Quixote and Catholicism :
Remainder of title rereading Cervantine spirituality /
Statement of responsibility, etc. Michael J. McGrath.
264 #1 - PRODUCTION, PUBLICATION, DISTRIBUTION, MANUFACTURE, AND COPYRIGHT NOTICE
Place of production, publication, distribution, manufacture West Lafayette, Indiana :
Name of producer, publisher, distributor, manufacturer Purdue University Press,
Date of production, publication, distribution, manufacture, or copyright notice [2020]
300 ## - PHYSICAL DESCRIPTION
Extent 1 online resource.
336 ## - CONTENT TYPE
Content type term text
Content type code txt
Source rdacontent
337 ## - MEDIA TYPE
Media type term computer
Media type code c
Source rdamedia
338 ## - CARRIER TYPE
Carrier type term online resource
Carrier type code cr
Source rdacarrier
490 1# - SERIES STATEMENT
Series statement Purdue studies in Romance literatures ;
Volume/sequential designation volume 79
504 ## - BIBLIOGRAPHY, ETC. NOTE
Bibliography, etc. note Includes bibliographical references and index.
505 0# - FORMATTED CONTENTS NOTE
Formatted contents note Miguel de Cervantes and early modern Catholicism -- The hermeneutics of Cervantine spirituality -- Don Quixote and moral theology : what a knight and his squire can teach us about Cervantes's Catholicism -- Tilting at the truth : Don Quixote's spiritual journey as a contemplative in action -- The anthropological vision of Don Quixote -- From La Mancha to Manresa : Sancho Panza's incarnational spirituality.
520 ## - SUMMARY, ETC.
Summary, etc. "Four hundred years since its publication, Miguel de Cervantes's Don Quixote continues to inspire and to challenge its readers. The universal and timeless appeal of the novel, however, has distanced its hero from its author and its author from his own life and the time in which he lived. The discussion of the novel's Catholic identity, therefore, is based on a reading that returns Cervantes's hero to Cervantes's text and Cervantes to the events that most shaped his life. The authors and texts McGrath cites, as well as his arguments and interpretations, are mediated by his religious sensibility. Consequently, he proposes that his study represents one way of interpreting Don Quixote and acts as a complement to other approaches. It is McGrath's assertion that the religiosity and spirituality of Cervantes's masterpiece illustrate that Don Quixote is inseparable from the teachings of Catholic orthodoxy. Furthermore, he argues that Cervantes's spirituality is as diverse as early modern Catholicism. McGrath does not believe that the novel is primarily a religious or even a serious text, and he considers his arguments through the lens of Cervantine irony, satire, and multiperspectivism. As a Roman Catholic who is a Hispanist, McGrath proposes to reclaim Cervantes's Catholicity from the interpretive tradition that ascribes a predominantly Erasmian reading of the novel. When the totality of biographical and sociohistorical events and influences that shaped Cervantes's religiosity are considered, the result is a new appreciation of the novel's moral didactic and spiritual orientation"--
Assigning source Provided by publisher
588 0# - SOURCE OF DESCRIPTION NOTE
Source of description note Online resource; title from digital title page (viewed on August 05, 2020).
590 ## - LOCAL NOTE (RLIN)
Local note JSTOR
Provenance (VM) [OBSOLETE] Books at JSTOR Open Access
600 10 - SUBJECT ADDED ENTRY--PERSONAL NAME
Personal name Cervantes Saavedra, Miguel de,
Dates associated with a name 1547-1616.
Title of a work Don Quixote.
Authority record control number or standard number http://id.loc.gov/authorities/names/n81032847
610 20 - SUBJECT ADDED ENTRY--CORPORATE NAME
Corporate name or jurisdiction name as entry element Catholic Church
General subdivision In literature.
Authority record control number or standard number http://id.loc.gov/authorities/subjects/sh93006212
600 11 - SUBJECT ADDED ENTRY--PERSONAL NAME
Personal name Cervantes Saavedra, Miguel de,
Dates associated with a name 1547-1616.
Title of a work Don Quixote.
610 27 - SUBJECT ADDED ENTRY--CORPORATE NAME
Corporate name or jurisdiction name as entry element Catholic Church.
Source of heading or term fast
Authority record control number or standard number (OCoLC)fst00531720
630 07 - SUBJECT ADDED ENTRY--UNIFORM TITLE
Uniform title Don Quixote (Cervantes Saavedra, Miguel de)
Source of heading or term fast
Authority record control number or standard number (OCoLC)fst01356104
650 #0 - SUBJECT ADDED ENTRY--TOPICAL TERM
Topical term or geographic name entry element Spirituality in literature.
Authority record control number or standard number http://id.loc.gov/authorities/subjects/sh85126781
830 #0 - SERIES ADDED ENTRY--UNIFORM TITLE
Uniform title Purdue studies in Romance literatures ;
Volume/sequential designation v. 79.
Authority record control number or standard number http://id.loc.gov/authorities/names/n92070290
856 40 - ELECTRONIC LOCATION AND ACCESS
Uniform Resource Identifier <a href="https://www.jstor.org/stable/10.2307/j.ctvs1g8v0">https://www.jstor.org/stable/10.2307/j.ctvs1g8v0</a>
938 ## -
-- EBSCOhost
-- EBSC
-- 2519563
938 ## -
-- Project MUSE
-- MUSE
-- muse81952
938 ## -
-- YBP Library Services
-- YANK
-- 301445705
938 ## -
-- YBP Library Services
-- YANK
-- 16869187
942 ## - ADDED ENTRY ELEMENTS (KOHA)
Source of classification or shelving scheme Library of Congress Classification
Koha item type E-Book
994 ## -
-- 92
-- PHURS
Holdings
Withdrawn status Source of classification or shelving scheme Damaged status Not for loan Home library Current library Date acquired Total Checkouts Date last seen Price effective from Koha item type
  Library of Congress Classification     JSTOR Open Access Books JSTOR Open Access Books 08/31/2023   08/31/2023 08/31/2023 E-Book

University of Rizal System
Email us at univlibservices@urs.edu.ph

Visit our Website www.urs.edu.ph/library